LIBRARY & INFORMATION CENTRE, KCAET, TAVANUR

ONLINE PUBLIC ACCESS CATALOGUE (OPAC)

Farmers of India, Vol 1 / (Record no. 10703)

MARC details
000 -LEADER
fixed length control field 00465cam a2200181ua 4500
003 - CONTROL NUMBER IDENTIFIER
control field OSt
008 - FIXED-LENGTH DATA ELEMENTS--GENERAL INFORMATION
fixed length control field 260124b |||||||| |||| 00| 0 eng d
041 ## - LANGUAGE CODE
Language code of text/sound track or separate title eng
082 ## - DEWEY DECIMAL CLASSIFICATION NUMBER
Classification number 630.92
Item number RAN/FA
100 ## - MAIN ENTRY--AUTHOR NAME
Personal name Randhawa, M S.
245 ## - TITLE STATEMENT
Title Farmers of India, Vol 1 /
250 ## - EDITION STATEMENT
Edition statement 1 /
260 ## - PUBLICATION, DISTRIBUTION, ETC. (IMPRINT)
Place of publication New Delhi :
Name of publisher Indian Council for Agricultural Research ,
Year of publication 1959.
300 ## - PHYSICAL DESCRIPTION
Number of Pages 302 ; .
700 1# - ADDED ENTRY--PERSONAL NAME
Personal name Premnath, .
942 ## - ADDED ENTRY ELEMENTS (KOHA)
Koha item type Books
Holdings
Withdrawn status Lost status Damaged status Home library Current library Date acquired Cost, normal purchase price Accession Number Koha item type
      KAUAET KAUAET 07/04/2012 14.00 7329 Books
free website counter